Search the Library Catalogue
| 000 -LEADER | |
|---|---|
| fixed length control field | 00824nam a2200241Ia 4500 |
| 003 - CONTROL NUMBER IDENTIFIER | |
| control field | 0 |
| 005 - DATE AND TIME OF LATEST TRANSACTION | |
| control field | 20260326164515.0 |
| 008 - FIXED-LENGTH DATA ELEMENTS--GENERAL INFORMATION | |
| fixed length control field | 191130s1994##################000#0#eng## |
| 020 ## - INTERNATIONAL STANDARD BOOK NUMBER | |
| International Standard Book Number | 9780520205086 |
| 040 ## - CATALOGING SOURCE | |
| Original cataloging agency | ACL |
| Transcribing agency | ACL |
| 050 ## - LIBRARY OF CONGRESS CALL NUMBER | |
| Classification number | 508.07445 |
| Item number | FIN |
| 100 ## - MAIN ENTRY--PERSONAL NAME | |
| Personal name | Findlen, Paula |
| 245 ## - TITLE STATEMENT | |
| Title | Possessing nature : museums, collecting, and scientific culture in early modern Italy |
| Statement of responsibility, etc. | Paula Findlen |
| 260 ## - PUBLICATION, DISTRIBUTION, ETC. | |
| Place of publication, distribution, etc. | Berkeley |
| Name of publisher, distributor, etc. | University of California Press |
| Date of publication, distribution, etc. | 1994 |
| 300 ## - PHYSICAL DESCRIPTION | |
| Extent | xvii, 449 p. : ill., map ; 23 cm |
| 650 ## - SUBJECT ADDED ENTRY--TOPICAL TERM | |
| Topical term or geographic name entry element | Natural history museums -- Europe -- History |
| Topical term or geographic name entry element | Natural history museums -- Italy -- History |
| Topical term or geographic name entry element | Science museums -- Europe -- History |
| Topical term or geographic name entry element | Science museums -- Italy -- History |
| 942 ## - ADDED ENTRY ELEMENTS (KOHA) | |
| Source of classification or shelving scheme | Dewey Decimal Classification |
| Koha item type | English Books |
| 990 ## - EQUIVALENCES OR CROSS-REFERENCES [LOCAL, CANADA] | |
| Link information for 9XX fields | 84794b99ac10000c4187a17dd40ab796 |
| Withdrawn status | Lost status | Source of classification or shelving scheme | Materials specified (bound volume or other part) | Damaged status | Not for loan | Home library | Current library | Shelving location | Date acquired | Total Checkouts | Full call number | Barcode | Date last seen | Price effective from | Koha item type |
|---|---|---|---|---|---|---|---|---|---|---|---|---|---|---|---|
| Dewey Decimal Classification | pbk | Anna Centenary Library | Anna Centenary Library | 5TH FLOOR, A WING | 09.10.2020 | 508.07445 FIN | 164837 | 09.10.2020 | 09.10.2020 | English Books |